Normal view
MARC view
Entry Topical Term
001 - CONTROL NUMBER
- control field: 4066
003 - CONTROL NUMBER IDENTIFIER
- control field: OSt
005 - DATE AND TIME OF LATEST TRANSACTION
- control field: 20190403121256.0
008 - FIXED-LENGTH DATA ELEMENTS
- fixed length control field: 190403|| aca||aabn | a|a d
040 ## - CATALOGING SOURCE
- Original cataloging agency: OSt
- Transcribing agency: OSt
150 ## - HEADING--TOPICAL TERM
- Topical term or geographic name entry element: Auditing - India - Himachal Pradesh
670 ## - SOURCE DATA FOUND
- Source citation: Work cat.: (OSt): Himachal Pradesh. Comptroller and Auditor General of India 4065, Report of the Comptroller and Auditor General of India, Himachal Pradesh (Revenue Receipts), 1994-95, 1995
